000 00571cam a22002291 4500
001 sa 65008826
003 DLC
005 20260227112158.0
008 890918s1965 ii 000 0 urdr
010 _asa 65008826
035 _a(OCoLC)20360485
040 _aDLC
_cWaU
_dDLC
042 _apremarc
050 0 0 _aBP75
_b.A25
100 0 _aAbdul Majid,
_d1892-1977.
245 1 0 _aK̲h̲ut̤bāt-i Mājidī.
260 _c[1965?]
300 _a264 p.
_c18 cm.
500 _aIn Urdu.
500 _aText partially vocalized.
600 0 0 _aMuḥammad,
_cProphet,
_d-632.
999 _c65892
_d65892